<?xml version="1.0" encoding="UTF-8"?>
<record
    xmlns:xsi="http://www.w3.org/2001/XMLSchema-instance"
    xsi:schemaLocation="http://www.loc.gov/MARC21/slim http://www.loc.gov/standards/marcxml/schema/MARC21slim.xsd"
    xmlns="http://www.loc.gov/MARC21/slim">

  <leader>00663nac a22001571u 4500</leader>
  <controlfield tag="008">080828s        ua|||||r|||| 000 0 ara d</controlfield>
  <datafield tag="082" ind1=" " ind2=" ">
    <subfield code="a">335.43</subfield>
    <subfield code="b">&#x641; &#x64A; &#x62F;</subfield>
  </datafield>
  <datafield tag="245" ind1=" " ind2=" ">
    <subfield code="a">&#x627;&#x644;&#x641;&#x644;&#x633;&#x641;&#x629; &#x648;&#x627;&#x644;&#x645;&#x639;&#x631;&#x641;&#x629; &#x627;&#x644;&#x639;&#x644;&#x645;&#x64A;&#x629;/</subfield>
    <subfield code="c">&#x628;&#x64A;&#x648;&#x62A;&#x631; &#x641;&#x64A;&#x62F;&#x648;&#x633;&#x64A;&#x64A;&#x641;&#x61B; &#x62A;&#x631;&#x62C;&#x645;&#x629; &#x62D;&#x645;&#x62F;&#x649; &#x639;&#x628;&#x62F; &#x627;&#x644;&#x62C;&#x648;&#x627;&#x62F;&#x61B; &#x645;&#x631;&#x627;&#x62C;&#x639;&#x629; &#x633;&#x639;&#x62F; &#x627;&#x644;&#x641;&#x64A;&#x634;&#x627;&#x648;&#x649;</subfield>
  </datafield>
  <datafield tag="260" ind1=" " ind2=" ">
    <subfield code="a">&#x627;&#x644;&#x642;&#x627;&#x647;&#x631;&#x629; :</subfield>
    <subfield code="b">&#x62F;&#x627;&#x631; &#x627;&#x644;&#x639;&#x627;&#x644;&#x645; &#x627;&#x644;&#x62C;&#x62F;&#x64A;&#x62F;&#x60C; 1989.</subfield>
    <subfield code="c">1989.</subfield>
  </datafield>
  <datafield tag="300" ind1=" " ind2=" ">
    <subfield code="a">339&#x635;&#x61B;</subfield>
    <subfield code="c">24&#x633;&#x645; </subfield>
  </datafield>
  <datafield tag="504" ind1=" " ind2=" ">
    <subfield code="a">&#x628;&#x628;&#x644;&#x64A;&#x648;&#x62C;&#x631;&#x627;&#x641;&#x64A;&#x629;: &#x635;334-339</subfield>
  </datafield>
  <datafield tag="511" ind1=" " ind2=" ">
    <subfield code="a">Catalogued by: Sara</subfield>
  </datafield>
  <datafield tag="541" ind1=" " ind2=" ">
    <subfield code="a">&#x623;&#x644;&#x641; &#x628;&#x627;&#x621;;</subfield>
    <subfield code="c">&#x634;&#x631;&#x627;&#x621;;</subfield>
  </datafield>
  <datafield tag="650" ind1=" " ind2=" ">
    <subfield code="a">&#x627;&#x644;&#x645;&#x627;&#x631;&#x643;&#x633;&#x64A;&#x629; &#x627;&#x644;&#x644;&#x64A;&#x646;&#x64A;&#x646;&#x64A;&#x629;</subfield>
    <subfield code="9">22285</subfield>
  </datafield>
  <datafield tag="942" ind1=" " ind2=" ">
    <subfield code="c">BB</subfield>
    <subfield code="k">335.43 &#x641; &#x64A; &#x62F;</subfield>
    <subfield code="2">ddc</subfield>
  </datafield>
  <datafield tag="999" ind1=" " ind2=" ">
    <subfield code="c">7387</subfield>
    <subfield code="d">7387</subfield>
  </datafield>
  <datafield tag="952" ind1=" " ind2=" ">
    <subfield code="0">0</subfield>
    <subfield code="1">0</subfield>
    <subfield code="2">ddc</subfield>
    <subfield code="4">0</subfield>
    <subfield code="7">0</subfield>
    <subfield code="8">Alef-Baa</subfield>
    <subfield code="a">MAIN</subfield>
    <subfield code="b">MAIN</subfield>
    <subfield code="c">1ST</subfield>
    <subfield code="d">2011-02-27</subfield>
    <subfield code="e">purchase</subfield>
    <subfield code="o">335.43 &#x641; &#x64A; &#x62F;</subfield>
    <subfield code="p">000008861</subfield>
    <subfield code="r">2025-07-15 00:00:00</subfield>
    <subfield code="y">BB</subfield>
  </datafield>
</record>
